[Event "Reykjavik Chess Congress 2018"]
[Site "Reykjavik"]
[Date "2018.02.07"]
[Round "9"]
[White "Ptacnikova, Lenka"]
[Black "Ingvason, Johann"]
[Result "1-0"]
[WhiteElo "2218"]
[BlackElo "2161"]
[Annotator "TA"]
[PlyCount "119"]
[EventDate "2018.??.??"]
[EventType "swiss"]
[EventCountry "ISL"]
[SourceTitle "playchess.com"]
[Source "ChessBase"]
[SourceQuality "1"]

{[%evp 9,119,0,7,0,0,-3,14,0,0,-7,1,-7,0,-6,24,0,31,29,43,47,75,18,5,3,26,7,14,7,12,30,20,0,49,50,45,18,66,89,85,68,93,52,88,80,144,142,129,131,173,146,196,143,143,143,251,242,374,384,378,362,428,427,449,387,394,380,438,372,472,475,458,387,749,717,1357,1348,1440,1477,1906,1072,1037,547,541,519,377,0,0,0,0,0,0,0,834,704,2344,874,1547,1046,4710,2532,29977,29978,29978,29979,29979,29980,29980,29981,29981,29982,29981,29982]} 1. c4 c5 2. g3 g6 3. Bg2 Bg7 4. Nc3 Nf6 5. h4 (5. e3 e6 6. d4 cxd4 7. exd4 O-O 8. Nf3 d5 9. b3 Ne4 10. Bb2 Nxc3 11. Bxc3 b6 12. cxd5 exd5 13. O-O {1-0 (38) Kramnik,V (2811)-Anand,V (2786) Zuerich 2017}) 5... Nc6 6. Nh3 {A34: Symmetrical English: 2 Nc3, lines with ...d5} d6 7. Nf4 h5 8. d3 {The position is equal.} O-O 9. O-O $146 ({Predecessor:} 9. a3 Rb8 10. Rb1 a5 11. Bd2 Bd7 12. Nb5 e5 13. Nh3 Nd4 14. Nxd4 cxd4 {½-½ (42) Minasian,A (2452)-Hayrapetyan,H (2406) Kajaran 2011}) 9... a6 10. a3 Rb8 11. Rb1 Nd4 12. b4 cxb4 13. Rxb4 Nd7 14. Bd2 Nc5 15. Qb1 (15. e3 $16 Nde6 16. d4) 15... Bg4 $11 16. Re1 Bh6 17. Be3 {Threatens to win with Nxg6.} (17. Bxb7 e5 $15) 17... Nf5 18. Bc1 Bg7 19. Bd2 Nd4 20. Nfd5 Kh7 21. Bg5 Re8 22. Kh2 Bh6 23. Bxh6 Kxh6 24. Ne3 {[%cal Rg2b7]} Bd7 25. Qb2 Kh7 26. Ne4 $36 {[%mdl 2048] Black is under strong pressure.} (26. Bxb7 a5 $17) 26... a5 {[#]} (26... Nde6 $142) 27. Nxc5 $1 $16 {[%mdl 512]} dxc5 28. Rxb7 a4 29. Rb1 {[%cal Rb7b8]} Nb3 30. Qe5 (30. Ra7 $18) 30... Rxb7 31. Bxb7 Qa5 {[#]} (31... Kh6 $16 {was called for.} 32. Nd5 (32. Qf4+ Kg7 $16) 32... f6) 32. Be4 $1 $18 {Qd5 is the strong threat.} Kg8 {[#]} (32... f5 $142) 33. Bxg6 $1 {[%mdl 512]} fxg6 34. Qd5+ Kf8 35. Qxd7 Rd8 36. Qc6 Rd6 37. Qc8+ Rd8 38. Qb7 Rd6 39. Nd5 Qd8 40. Qa7 Rxd5 $2 (40... Qd7 41. Qb8+ Kg7) 41. cxd5 {[%mdl 4096] Endgame KQR-KQN} g5 42. Qxa4 Nd4 43. hxg5 h4 44. Qc4 Qd6 45. Rb7 hxg3+ 46. fxg3 Qe5 47. Qc1 $2 (47. Rb2 $18) 47... Qxe2+ $11 48. Kh3 Qh5+ 49. Kg2 Qf3+ 50. Kh3 {And now Qf4+ would win.} Ne2 $2 {[%mdl 8192]} (50... Qh5+ $11 51. Kg2 Qf3+ 52. Kh2 Qe2+ 53. Kh1 (53. Kh3 Qh5+ $11) 53... Qh5+ 54. Kg2) 51. Rb8+ $18 Kf7 {[#]} 52. g6+ $1 Kxg6 53. Rg8+ Kf7 54. Qg5 {[%csl Gg8][%cal Rg5g7]} Ng1+ 55. Kh2 {[%csl Gg8][%cal Rg5g7] White mates.} Qe2+ 56. Kh1 {[%csl Gg8][%cal Rg5g7]} Qf3+ 57. Kxg1 {[%csl Gg8][%cal Rg5g7]} Qd1+ 58. Kf2 {[%csl Gg8][%cal Rg5g7]} Qc2+ 59. Ke1 {[%csl Gg8][%cal Rg5g7]} Qc3+ 60. Ke2 {Precision: White = 59%, Black = 23%.} 1-0

[Event "Reykjavik Chess Congress 2018"]
[Site "Reykjavik"]
[Date "2018.02.07"]
[Round "9"]
[White "Fridjonsson, Julius"]
[Black "Bjornsson, Sigurbjorn"]
[Result "0-1"]
[WhiteElo "2137"]
[BlackElo "2288"]
[Annotator "TA"]
[PlyCount "94"]
[EventDate "2018.??.??"]
[EventType "swiss"]
[EventCountry "ISL"]
[SourceTitle "playchess.com"]
[Source "ChessBase"]
[SourceQuality "1"]

{[%evp 20,94,46,41,141,104,186,35,37,15,92,52,70,46,33,46,60,33,62,39,72,46,62,28,109,55,50,32,73,82,83,75,68,64,49,28,20,7,9,-16,9,0,0,0,0,0,0,-20,-16,-41,-13,-18,0,0,4,-24,0,-18,0,-54,-35,-139,-154,-1247,-1222,-1161,-1116,-1173,-97,-370,0,-93,-73,-90,-90,-1539,-1490]} 1. d4 Nf6 2. Nf3 e6 3. g3 c5 4. c4 d5 5. cxd5 exd5 6. Bg2 Nc6 7. O-O Be7 8. Nc3 O-O 9. Be3 cxd4 10. Nxd4 Re8 11. Rc1 Ng4 $146 {D34: Tarrasch Defence: 6 g3 Nf6 7 Bg2 Be7} (11... Be6 $14) ({Predecessor:} 11... Bg4 12. h3 Be6 13. Qa4 Qd7 14. g4 h6 15. Rfd1 a6 16. Rd2 b5 17. Qd1 Ne5 18. b3 Rac8 19. Bf4 Ng6 {1-0 (49) Granda Zuniga,J (2650)-Jhunjhnuwala,K (2340) Acqui Terme 2017}) 12. Bf4 g5 (12... Nf6 $16) 13. Nxc6 $2 (13. Bxd5 $2 Nxd4 14. Qxd4 gxf4 $17) (13. Nxd5 $18 gxf4 14. Rxc6) 13... bxc6 $14 {White is slightly better.} 14. Bd2 h6 (14... Bf8 $11) 15. Na4 Ne5 16. Be3 Bf8 17. Bd4 Bg7 18. Re1 Qd6 19. Qd2 Bg4 20. b3 Qg6 21. Qc3 Rac8 (21... Rad8 $11) 22. Nc5 (22. h3 $1 $16 {[%cal Rh3g4]} Bd7 23. Nc5 (23. Bxa7 Bxh3 24. Bxh3 g4 $11)) 22... Rc7 23. h3 Bf5 24. e4 dxe4 25. g4 Bc8 26. Rxe4 Rce7 $1 27. Rce1 {[%cal Rd4e5]} Qd6 28. Bxe5 Bxe5 29. Qc2 Bd4 30. Rxe7 Rxe7 31. Rxe7 Qxe7 32. Ne4 c5 33. Qd2 Qe5 34. Qd3 Be6 35. Qf3 a5 {[%cal Ba7a5,Ba5a4,Ba4a3][%mdl 32]} 36. Bf1 Bd5 37. Bd3 Kg7 38. Kf1 a4 39. Bc2 (39. Bc4 $11) 39... a3 40. Qd3 ({White should play} 40. Qg3 $1 $15) 40... Qf4 $17 {( -> ...Bxe4)} 41. Qe2 $2 (41. Ke2 $17) 41... Qc1+ $1 $19 42. Kg2 Qb2 43. f3 Be5 $2 $40 {[%mdl 128] Black wants a kill.} (43... Bxe4 $19 44. fxe4 Qxa2) 44. Nxc5 $2 {[%mdl 8192] [#]} (44. Qd3 $17) 44... Bf6 $2 (44... Bd4 $1 $19 45. Nd3 Qxa2) 45. Qd3 {[#]} (45. Nd7 $11 {remains equal.} Be6 46. Nxf6 Kxf6 47. Qe4) 45... Bc6 $1 $17 46. Ne4 Bxe4 $1 47. Qxe4 $4 {[%mdl 8192]} (47. fxe4 $17 Be5 48. Qd1) 47... Qxa2 {Precision: White = 31%, Black = 29%.} 0-1

[Event "Reykjavik Chess Congress 2018"]
[Site "Reykjavik"]
[Date "2018.02.07"]
[Round "9"]
[White "Heimisson, Hilmir Freyr"]
[Black "Thorfinnsson, Bragi"]
[Result "0-1"]
[WhiteElo "2136"]
[BlackElo "2426"]
[Annotator "TA"]
[PlyCount "76"]
[EventDate "2018.??.??"]
[EventType "swiss"]
[EventCountry "ISL"]
[SourceTitle "playchess.com"]
[Source "ChessBase"]
[SourceQuality "1"]

{[%evp 15,76,18,27,27,33,28,31,31,66,29,37,-43,-32,-63,-61,-44,-57,-63,-51,-59,-46,-46,-42,-42,-42,-42,-42,-43,-41,-40,-40,-39,-37,-25,-18,-99,-102,-102,-104,-103,-100,-87,-97,-117,-117,-117,-117,-172,-168,-182,-178,-397,-397,-392,-347,-621,-620,-620,-613,-1770,-1658,-1323,-1292]} 1. c4 c5 2. g3 Nc6 3. Bg2 g6 4. Nc3 d6 (4... Bg7 5. Nf3 d6 6. O-O e6 7. e3 Nge7 8. d4 O-O 9. Re1 h6 10. d5 Na5 11. Qd3 b6 12. e4 Ba6 13. b3 g5 14. h4 g4 15. Nh2 h5 16. Bg5 Qd7 17. dxe6 fxe6 {½-½ (90) Eljanov,P (2711)-Vidit,S (2715) Riadh 2017}) 5. a3 Nf6 6. Rb1 {A36: Symmetrical English vs ...g6: 4 Bg2 Bg7} a5 7. d3 Bf5 $146 ({Find the theoretical novelty and annotate with similar games:} 7... Bg7 8. Nf3 O-O 9. O-O e5 10. Bg5 h6 11. Bxf6 Bxf6 12. Ne1 Bg7 13. Nc2 a4 14. Ne3 Qa5 15. Ned5 Be6 16. Nb5 Rad8 17. Ndc3 f5 18. Qxa4 Qxa4 19. Nxa4 e4 20. Nac3 Nd4 21. Nxd4 cxd4 {½-½ (101) Stanec,N (2560)-Uhlmann,W (2451) Ansfelden 2003}) 8. Nf3 Bg7 {LiveBook: 3 Games} 9. Bd2 Qd7 10. h3 h6 11. Nd5 {aiming for Nb6.} Rb8 12. Bc3 O-O 13. Qd2 ({White should play} 13. Nh4 $14) 13... b5 $15 14. cxb5 Rxb5 15. Nxf6+ exf6 16. e4 Re8 17. g4 Be6 18. O-O h5 19. a4 $1 {[%cal Ra4b5]} Rbb8 20. gxh5 Bxh3 21. Qf4 Qg4 22. Qxg4 Bxg4 23. hxg6 fxg6 24. Rfe1 Nb4 $36 {[%mdl 2048] Black fights for an advantage.} 25. Bxb4 (25. d4 $1 $11 {keeps the balance.}) 25... Rxb4 $17 26. Nd2 Be6 27. Nc4 Bxc4 28. dxc4 Bh6 29. Red1 Bf4 30. b3 Reb8 31. Rd3 {[#]} (31. Bh3 $17) 31... Rxa4 $1 {[%mdl 512]} 32. Bf3 (32. bxa4 Rxb1+) 32... Rab4 33. Bd1 $2 {[#]} (33. Ra1) 33... a4 $1 $19 {[%cal Ba5a4,Ba4a3,Ba3a2][%mdl 544]} 34. Kg2 (34. bxa4 Rxb1) 34... Be5 35. Rh3 $2 (35. Kf1) 35... a3 {Hoping for ...a2.Black is clearly winning.} 36. Bg4 {[#]} f5 $1 {[%mdl 512]} 37. Bxf5 (37. exf5 a2) 37... gxf5 38. exf5 a2 {Precision: White = 46%, Black = 92%.} 0-1

[Event "Reykjavik Chess Congress 2018"]
[Site "Reykjavik"]
[Date "2018.02.07"]
[Round "9"]
[White "Bergsson, Stefan"]
[Black "Ragnarsson, Dagur"]
[Result "1-0"]
[WhiteElo "2093"]
[BlackElo "2332"]
[Annotator "TA"]
[PlyCount "47"]
[EventDate "2018.??.??"]
[EventType "swiss"]
[EventCountry "ISL"]
[SourceTitle "playchess.com"]
[Source "ChessBase"]
[SourceQuality "1"]

{[%evp 15,47,13,7,12,40,-31,-36,-50,11,7,81,65,129,115,117,103,169,170,164,75,122,24,235,188,724,813,740,793,829,812,820,814,29992,29993]} 1. e4 {[%cal Be2e4,Be4e5][%mdl 32]} e6 2. d4 d5 3. Nd2 h6 4. Ngf3 Nf6 5. e5 Nfd7 6. Bd3 {C03: French Tarrasch: Unusual Black 3rd moves} c5 7. c3 Nc6 8. a3 a5 {LiveBook: 4 Games} 9. Nf1 a4 $146 ({Predecessor:} 9... c4 10. Bc2 b5 11. Ng3 {1-0 (53) Howell,D (2603)-Short,N (2677) England 2012}) 10. h4 (10. Ng3 $14) 10... Qa5 $15 {Hoping for ...cxd4.} 11. Bd2 Qa7 (11... Qb6 $15) 12. Be3 $11 Nb6 (12... Qa5 $11) 13. Ng3 $16 Nc4 ({Black should play} 13... cxd4 $14 14. Nxd4 Qa5) 14. Bxc4 $1 dxc4 15. dxc5 Qb8 (15... Bxc5 $16 {is a better defense.} 16. Bxc5 Qxc5) 16. Bd4 $18 Be7 {[#]} 17. Ne4 (17. Nh5 $1 $18) 17... O-O $16 18. Qd2 ({White should try} 18. Rh3 $16) 18... Na5 $2 (18... b6 $1 $11) 19. Rd1 {[%cal Ba1d1,Bd1d4,Bd4g4][%mdl 32]} Bd7 $2 {[#]} (19... Nb3 20. Qf4 Qc7) 20. Nf6+ $1 $18 {[%mdl 512]} Bxf6 (20... gxf6 21. exf6) 21. exf6 Nb3 22. Qe3 Nxd4 23. Rxd4 ({Weaker is} 23. Qxd4 Bc6 $18) 23... Bc6 24. Rg4 {Precision: White = 44%, Black = 12%.} 1-0

[Event "Reykjavik Chess Congress 2018"]
[Site "Reykjavik"]
[Date "2018.02.07"]
[Round "9"]
[White "Halldorsson, Bragi"]
[Black "Birkisson, Bjorn Holm"]
[Result "1-0"]
[WhiteElo "2082"]
[BlackElo "2084"]
[Annotator "NA RC"]
[PlyCount "45"]
[EventDate "2018.??.??"]
[EventType "swiss"]
[EventCountry "ISL"]
[SourceTitle "playchess.com"]
[Source "ChessBase"]
[SourceQuality "1"]
[TimeControl "40/5400+30:900+30"]

{[%evp 8,45,31,32767,32767,0,32767,32767,32767,32767,7,17,16,20,12,32767,34,-10,0,0,85,13,73,79,92,72,83,81,74,75,1083,1167,956,774,1154,1260,1222,1389,2152,29975]} 1. d4 {[%emt 0:00:00]} d5 {[%emt 0:06:36]} 2. c4 {[%emt 0:00:00]} e6 {[%emt 0:00:09]} 3. Nc3 {[%emt 0:00:00]} Be7 {[%emt 0:00:11]} 4. Nf3 {[%emt 0:00:02]} Nf6 {[%emt 0:00:12]} 5. Bg5 {[%emt 0:00:11]} h6 {[%emt 0:00:07]} 6. Bh4 {[%emt 0:00:26] LiveBook: 4143 Partien} O-O {[%emt 0:00:27]} 7. e3 {[%emt 0:00:08]} b6 {[%emt 0:00:27]} 8. Qc2 {[%emt 0:00:40]} c5 {[%emt 0:19:54]} 9. dxc5 {[%emt 0:02:26] D58: Queen's Gambit Declined: Tartakower Defence} (9. Rd1 Nbd7 10. cxd5 Nxd5 11. Bxe7 Qxe7 12. Nxd5 exd5 13. dxc5 Nxc5 14. Be2 Qe4 15. Qd2 Qg6 16. O-O Bh3 {½-½ (48) Halkias,S (2579)-Grachev,B (2675) Aix les Bains 2011}) 9... bxc5 {[%emt 0:03:10]} 10. Be2 {[%emt 0:05:29]} Nc6 $146 {[%emt 0:01:14]} ({Predecessor:} 10... Bb7 11. O-O dxc4 12. Rfd1 Nd5 13. Bxe7 Qxe7 14. Bxc4 Nxc3 15. Qxc3 Nd7 16. Be2 Rfd8 {1-0 (39) Kulpinski,P (2074)-Traczyk,T (1988) Krynica 2005}) 11. O-O {[%emt 0:00:34]} d4 {[%emt 0:08:11]} 12. Rfd1 {[%emt 0:01:12]} e5 {[%emt 0:01:00]} 13. a3 {[%emt 0:06:03]} Qc7 {[%emt 0:14:22]} (13... Be6 $11 {remains equal.}) 14. Bxf6 {[%emt 0:03:15]} (14. Nd5 $16 Qd6 15. b4) 14... dxc3 {[%emt 0:00:40]} 15. Bxe7 {[%emt 0:00:44]} cxb2 {[%emt 0:00:05]} 16. Bxf8 {[%emt 0:00:40]} ({Much worse is} 16. Qxb2 Qxe7 17. Qb5 Bd7 $11) ({Much weaker is} 16. Bxc5 bxa1=N 17. Rxa1 Rd8 $15) 16... bxa1=Q {[%emt 0:00:14]} 17. Rxa1 {[%emt 0:00:08]} Kxf8 {[%emt 0:00:07]} 18. Qh7 {[%emt 0:01:01]} f6 $2 {[%emt 0:00:06]} (18... Ne7 $16) 19. Qh8+ {[%emt 0:02:11]} Kf7 {[%emt 0:01:21]} 20. Nh4 {[%emt 0:00:36]} Bb7 {[%emt 0:00:57]} 21. Bh5+ {[%emt 0:00:57]} Ke6 {[%emt 0:00:13]} 22. Qh7 {[%emt 0:04:57]} Qe7 {[%emt 0:04:12]} 23. Rd1 {[%emt 0:06:28] Kd5} 1-0

[Event "Reykjavik Chess Congress 2018"]
[Site "Reykjavik"]
[Date "2018.02.07"]
[Round "9"]
[White "Valdimarsson, Einar"]
[Black "Baldursson, Haraldur"]
[Result "1-0"]
[WhiteElo "2023"]
[BlackElo "1942"]
[Annotator "NA RC"]
[PlyCount "37"]
[EventDate "2018.??.??"]
[EventType "swiss"]
[EventCountry "ISL"]
[SourceTitle "playchess.com"]
[Source "ChessBase"]
[SourceQuality "1"]
[TimeControl "40/5400+30:900+30"]

{[%evp 10,37,0,-14,2,32767,19,6,16,10,14,31,34,42,35,21,30,-6,60,88,41,116,263,286,708,761,1035,1131,29998,29999]} 1. d4 {[%emt 0:00:00]} Nf6 {[%emt 0:02:09]} 2. Bf4 {[%emt 0:00:05]} d5 {[%emt 0:00:51]} 3. Nd2 {[%emt 0:00:53]} e6 {[%emt 0:03:44]} 4. e3 {[%emt 0:00:37]} Bd6 {[%emt 0:02:32]} 5. Bg3 {[%emt 0:00:10]} c5 {[%emt 0:03:44] LiveBook: 33 Games} 6. c3 {[%emt 0:00:16]} Nc6 {[%emt 0:02:02]} 7. Ngf3 {[%emt 0:00:42]} Qe7 {[%emt 0:04:25]} 8. Ne5 {[%emt 0:02:55]} O-O {[%emt 0:08:07] D02: 1 d4 d5 2 Nf3 sidelines, including 2...Nf6 3 g3 and 2...Nf6 3 Bf4} (8... Bxe5 9. dxe5 Nd7 10. Bb5 O-O 11. Bxc6 bxc6 12. c4 Nb6 13. b3 a5 14. O-O a4 15. Qc2 axb3 16. axb3 {1-0 (47) Kamsky,G (2676)-Popov,I (2609) Sochi 2017}) 9. Bd3 {[%emt 0:00:34]} h6 {[%emt 0:03:42]} 10. O-O $146 {[%emt 0:06:05]} ({Find the theoretical novelty and annotate with similar games:} 10. f4 Bd7 11. O-O c4 12. Bc2 {1-0 (24) Kovacs Pinter,M (2143)-Kovacs,M (2102) Hungary 2009}) 10... Qc7 {[%emt 0:06:45]} 11. f4 {[%emt 0:02:17]} Nd7 {[%emt 0:05:33]} 12. Qh5 {[%emt 0:05:27]} f5 {[%emt 0:03:44]} 13. Bh4 {[%emt 0:01:33]} Nf6 {[%emt 0:02:47]} (13... Qb6 $11) 14. Bxf6 $1 {[%emt 0:00:31]} Rxf6 {[%emt 0:02:08]} 15. g4 {[%emt 0:04:18]} fxg4 $2 {[%emt 0:04:40]} (15... Bxe5 $16 16. fxe5 Rf8) 16. Nxg4 {[%emt 0:01:39]} Rf8 $2 {[%emt 0:04:35]} (16... Rf7 17. Qg6 Kf8) 17. Qg6 {[%emt 0:02:20]} Rf5 {[%emt 0:02:38]} 18. Bxf5 $18 {[%emt 0:01:44]} exf5 {[%emt 0:00:17]} 19. Nf6+ {[%emt 0:00:10] Bf8} 1-0

[Event "Reykjavik Chess Congress 2018"]
[Site "Reykjavik"]
[Date "2018.02.07"]
[Round "9"]
[White "Ragnarsson, Johann"]
[Black "Viglundsson, Bjorgvin"]
[Result "0-1"]
[WhiteElo "1991"]
[BlackElo "2167"]
[Annotator "RC"]
[PlyCount "42"]
[EventDate "2018.??.??"]
[EventType "swiss"]
[EventCountry "ISL"]
[SourceTitle "playchess.com"]
[Source "ChessBase"]
[SourceQuality "1"]
[TimeControl "40/5400+30:900+30"]

1. d4 {[%emt 0:00:00]} d5 {[%emt 0:00:04]} 2. c4 {[%emt 0:00:00]} dxc4 {[%emt 0:00:39]} 3. Nc3 {[%emt 0:00:49]} a6 {[%emt 0:00:54]} 4. e3 {[%emt 0:01:39]} b5 {[%emt 0:01:40]} 5. a4 {[%emt 0:02:44]} b4 {[%emt 0:00:38]} 6. Bxc4 {[%emt 0:01:39]} Bb7 {[%emt 0:01:06]} 7. Qb3 {[%emt 0:16:42]} e6 {[%emt 0:01:00]} 8. d5 {[%emt 0:00:30]} exd5 {[%emt 0:08:28]} 9. Nxd5 {[%emt 0:02:40]} Bd6 {[%emt 0:07:22]} 10. e4 {[%emt 0:09:41]} Nc6 {[%emt 0:06:26]} 11. Nf3 {[%emt 0:12:27]} Na5 {[%emt 0:08:18]} 12. Qc2 {[%emt 0:01:01]} Nxc4 {[%emt 0:01:31]} 13. Qxc4 {[%emt 0:00:10]} Ne7 {[%emt 0:00:49]} 14. Nxe7 {[%emt 0:10:33]} Qxe7 {[%emt 0:07:08]} 15. e5 {[%emt 0:03:51]} Bxf3 {[%emt 0:03:48]} 16. O-O {[%emt 0:00:07]} Qxe5 {[%emt 0:02:24]} 17. Qh4 {[%emt 0:11:28]} Bd5 {[%emt 0:05:48]} 18. Bg5 {[%emt 0:01:59]} O-O {[%emt 0:00:44]} 19. Rfe1 {[%emt 0:00:15]} Qf5 {[%emt 0:01:17]} 20. Re3 {[%emt 0:00:17]} Rfe8 {[%emt 0:01:04]} 21. g4 {[%emt 0:00:42]} Qg6 {[%emt 0:01:29]} 0-1

[Event "Reykjavik Chess Congress 2018"]
[Site "Reykjavik"]
[Date "2018.02.07"]
[Round "9"]
[White "Mai, Alexander Oliver"]
[Black "Loftsson, Hrafn"]
[Result "0-1"]
[WhiteElo "1970"]
[BlackElo "2163"]
[Annotator "TA"]
[PlyCount "114"]
[EventDate "2018.??.??"]
[EventType "swiss"]
[EventCountry "ISL"]
[SourceTitle "playchess.com"]
[Source "ChessBase"]
[SourceQuality "1"]

{[%evp 18,114,0,0,0,0,0,0,4,9,27,-18,0,-25,-25,-23,64,-37,-35,-33,-18,-18,-22,-37,-25,-31,-5,-14,-12,-67,-61,-64,-44,-64,-66,-91,-93,-179,-114,-138,-76,-91,-94,-101,-52,-106,-53,-88,-70,-77,-67,-122,-129,-108,-129,-127,-112,-220,-188,-228,-200,-397,-201,-379,-372,-387,-390,-387,-383,-381,-379,-426,-421,-421,-421,-421,-421,-410,-395,-1020,-1011,-1543,-1559,-1558,-1532,-1351,-1240,-1476,-1475,-1641,-1641,-1975,-2013,-29988,-29989,-29993,-29992,-29992,-29993]} 1. e4 d6 2. d4 Nf6 3. Nc3 Nbd7 4. Nf3 e5 5. Bc4 Be7 6. O-O O-O 7. dxe5 dxe5 8. Bg5 {C41: Philidor Defence} c6 9. a4 a5 (9... Qc7 10. Nh4 Nb6 11. Bb3 Bg4 12. Qc1 a5 13. h3 Be6 14. Nf5 Bxf5 15. exf5 Nbd7 16. Qe3 Rae8 17. Rad1 Kh8 {½-½ (30) Mohammad,M (2417)-Rahman,Z (2508) Dhaka 2016}) 10. Qe2 {LiveBook: 5 Games. The position is equal.} Qc7 11. Rad1 Nc5 12. h3 Ne6 13. Be3 Bb4 14. Nd2 $146 ({Find the theoretical novelty and annotate with similar games:} 14. Ng5 Nxg5 15. Bxg5 Be7 16. Rd3 {1-0 (51) Kharashkina,B (2187)-Petukhov,Y St Petersburg 2002}) 14... Rd8 15. Ncb1 Be7 16. c3 Nc5 (16... h6 $11) 17. Bxc5 (17. Bxf7+ $1 $14 Kxf7 18. Bxc5) 17... Bxc5 $15 18. Nf3 Rxd1 19. Rxd1 {next Ng5 is good for White.} h6 20. Nh2 Be7 21. Nd2 Bd7 22. Ndf1 Rb8 23. Ng3 (23. Ne3 $11) 23... g6 24. Nf3 Kg7 25. Qc2 b5 26. axb5 cxb5 27. Bb3 {[#]} (27. Bd3 $17 {is the only way for White.}) 27... Be8 (27... a4 $1 $19 {[%cal Ra4b3]} 28. Bd5 b4) 28. Ne1 Nd7 (28... a4 $142 29. Bd5 b4 30. cxb4 Qxc2 31. Nxc2 Bxb4 32. Nxb4 Rxb4) 29. Nd3 Nb6 30. Qe2 Nc4 31. Qg4 {[#]} ({White should play} 31. Nf1 $15) 31... Kh7 (31... h5 $1 $17 {[%mdl 512]} 32. Qe2 (32. Nxh5+ Kf8 $17) 32... f6) 32. Ba2 Rd8 33. Qf3 Kg7 34. Qg4 (34. Nf1 $15) 34... Bd7 $17 35. Qf3 Be6 36. Qe2 Rd7 37. b3 (37. Nf1 $17) 37... Nb6 38. Qb2 Qd8 39. Bb1 $2 (39. Qc2) 39... f6 (39... a4 $142 40. bxa4 bxa4) 40. Qc2 $2 (40. Ne2 {keeps fighting.}) 40... a4 $19 41. bxa4 bxa4 42. Qe2 a3 43. Nf1 {[#]} a2 $1 {[%mdl 512]} 44. Bc2 (44. Bxa2 Bxa2) 44... Bc4 45. Ne3 Bxd3 46. Bxd3 {[#]} Rxd3 $1 {[%mdl 512]} 47. Rxd3 a1=Q+ 48. Kh2 $2 (48. Rd1 Qdxd1+ 49. Nxd1) 48... Qc8 49. Nf5+ gxf5 50. Rg3+ Kf8 51. Qh5 Qe6 52. Qxh6+ Ke8 53. Qh8+ Kd7 54. Rd3+ Kc7 55. exf5 Qxf5 {Black mates.} 56. Qe8 Qxd3 57. Qxe7+ Nd7 {Precision: White = 31%, Black = 64%.} 0-1